000 01304nam a22003617a 4500
003 CHAP
005 20220329133813.0
008 971013s1986 r 00010 d
010 _a11154
011 _a12126
035 _a14280
040 _cCHAP
090 _aTesis
100 0 0 _aNúñez Rosas, Benito.
_981977
245 _aRelación de tres fórmulas de fertilización con cuatro niveles de humedad en el cultivo de crisantemo (Chrysanthemum morifolium, Ramat)
260 _aChapingo, Méx. :
_bEl autor,
_c1986
300 _a81 h.
_b; gráfs.
502 _aTesis (Ing. Agrónomo Esp. en Suelos) -- UACH. Departamento de Suelos
590 _aALEPH
_b10
_c20130110
_lUCH01
_h1228
590 _aBATCH-UPD
_b10
_c20130110
_lUCH01
_h0032
590 _aBATCH-UPD
_b10
_c20130110
_lUCH01
_h1550
590 _aBATCH-UPD
_b10
_c20130409
_lUCH01
_h2015
590 _aBATCH-UPD
_b10
_c20130914
_lUCH01
_h1057
590 _aCONVERSION
_b10
_c20130109
_lUCH01
_h1307
650 1 4 _aCrisantemo
_xEfecto de la humedad.
_928947
650 1 4 _aCrisantemo
_xVariedades.
_928968
650 1 4 _aDendranthema morifolium.
_931769
650 1 4 _aFertilizantes
_xEfecto en crisantemo.
_940504
901 _aBK
942 _cTESIS
949 _bBC
_cTES
_d-148683
_eTS1
_h19197
_i14280
_si
949 _bS
_cTESBD
_d-26419
_eTS1
_i14280
_si
999 _c11154
_d11154